000 00603cam a22001811 4500
082 _a516.24
_bBAH
_cL-4, P-19.
100 1 _aBahm, L. B.
_939376
245 1 4 _aThe new trigonometry on your own,
_cby L.H. Balm [i.e. L.B. Bahm] Editors: R.F. Graesser and Jerome H. Kanner.
260 _aPaterson, N.J.,
_bLittlefield, Adams,
_c1964.
300 _a135 p.
_billus.
_c21 cm.
490 0 _aLittlefield quality paperbacks
500 _a"No. 10."
500 _aIncludes index.
526 _a0
_b0
_c0
_d516_240000000000000_BAH
650 0 _aMCE
_9379
650 0 _aPlane trigonometry.
_939132
942 _2ddc
_cBK
999 _c543874
_d543874